[Event "13. Hogeschool Zeeland Tournament"]
[Site "Vlissingen NED"]
[Date "2009.08.07"]
[Round "8.41"]
[White "Hekhuis, Jeroen"]
[Black "Heuveling, Gijs-Cor"]
[Result "1-0"]
[WhiteElo "2145"]
[BlackElo "1879"]
[PlyCount "75"]
[EventDate "2009.08.01"]
[EventType "swiss"]
[EventRounds "9"]
[EventCountry "NED"]
[Source "lmi"]
[SourceDate "2009.08.01"]

1. Nf3 Nf6 2. g3 d5 3. Bg2 c6 4. d4 h6 5. c4 e6 6. O-O Be7 7. Nc3 Nbd7 8. b3
O-O 9. Bb2 Qc7 10. Rc1 Qa5 11. Qd2 dxc4 12. bxc4 Rd8 13. Nd5 Qxd2 14. Nxe7+ Kf8
15. Ng6+ fxg6 16. Nxd2 Kg8 17. e4 e5 18. d5 g5 19. Nb3 a5 20. a4 Re8 21. Rfd1
Nb6 22. Nc5 Nfd7 23. Ne6 Ra7 24. Ba3 Kf7 25. Rd3 Nxa4 26. Bd6 c5 27. Rf3+ Kg6
28. Bh3 h5 29. Bf5+ Kh6 30. Nc7 g4 31. Ra3 Nf6 32. Nxe8 Nxe8 33. Bb8 Ra8 34.
Bxc8 Rxb8 35. Bd7 Nb6 36. Bxe8 Rxe8 37. Rxa5 Rd8 38. Rxc5 1-0

[Event "13. Hogeschool Zeeland Tournament"]
[Site "Vlissingen NED"]
[Date "2009.08.07"]
[Round "8.42"]
[White "Zilverberg, Jasper"]
[Black "Stange, Sven"]
[Result "1/2-1/2"]
[WhiteElo "2015"]
[BlackElo "2130"]
[PlyCount "48"]
[EventDate "2009.08.01"]
[EventType "swiss"]
[EventRounds "9"]
[EventCountry "NED"]
[Source "lmi"]
[SourceDate "2009.08.01"]

1. e4 e5 2. f4 exf4 3. Nc3 d6 4. Bc4 Be7 5. d4 Bh4+ 6. Kf1 Nh6 7. Nf3 Ng4 8.
Nxh4 Qxh4 9. Qf3 Nxh2+ 10. Rxh2 Qxh2 11. Bxf4 Qh1+ 12. Kf2 Qh4+ 13. Bg3 Qe7 14.
e5 dxe5 15. Nd5 Qd7 16. Bxe5 O-O 17. Qf6 gxf6 18. Nxf6+ Kg7 19. Nxd7+ f6 20.
Nxf8 fxe5 21. Ne6+ Bxe6 22. Bxe6 exd4 23. Bc8 Nc6 24. Bxb7 Rf8+ 1/2-1/2

[Event "13. Hogeschool Zeeland Tournament"]
[Site "Vlissingen NED"]
[Date "2009.08.07"]
[Round "8.44"]
[White "Dubbeldam, Nick"]
[Black "Op den Dries, Johan"]
[Result "0-1"]
[WhiteElo "1971"]
[BlackElo "2118"]
[PlyCount "74"]
[EventDate "2009.08.01"]
[EventType "swiss"]
[EventRounds "9"]
[EventCountry "NED"]
[Source "lmi"]
[SourceDate "2009.08.01"]

1. c4 Nc6 2. Nc3 e5 3. g3 f5 4. Bg2 Bb4 5. Nd5 Nf6 6. e3 e4 7. a3 Be7 8. Nxf6+
Bxf6 9. d4 d5 10. Qc2 dxc4 11. Qxc4 Qd6 12. Bd2 Be6 13. Qc2 O-O-O 14. Ne2 g5
15. Rc1 h5 16. b4 a6 17. f3 h4 18. fxe4 fxe4 19. Bxe4 hxg3 20. Bxc6 bxc6 21.
Qxc6 Bd5 22. Qxd6 Rxd6 23. Nxg3 Bxh1 24. Nxh1 g4 25. Ng3 Rxh2 26. Nf5 Bh4+ 27.
Nxh4 Rxh4 28. Ke2 Rh2+ 29. Kd3 Rg6 30. e4 Rh3+ 31. Ke2 Rxa3 32. Bf4 Rg7 33. Rg1
Rb3 34. Be5 Rg6 35. Kf2 Rxb4 36. Kg3 Rb3+ 37. Kf4 Rf3# 0-1

[Event "13. Hogeschool Zeeland Tournament"]
[Site "Vlissingen NED"]
[Date "2009.08.07"]
[Round "8.45"]
[White "In 't Veld, Rene"]
[Black "Van den Broek, Rene"]
[Result "1-0"]
[WhiteElo "2099"]
[BlackElo "1839"]
[PlyCount "46"]
[EventDate "2009.08.01"]
[EventType "swiss"]
[EventRounds "9"]
[EventCountry "NED"]
[Source "lmi"]
[SourceDate "2009.08.01"]

1. d4 d5 2. Nc3 Bf5 3. f3 Bg6 4. e4 e6 5. Be3 Nf6 6. Bd3 dxe4 7. fxe4 Bb4 8.
Qf3 Bxc3+ 9. bxc3 Nxe4 10. Ne2 Nd6 11. O-O Qe7 12. Nf4 Nd7 13. Rae1 O-O-O 14.
Bd2 Rhe8 15. Re2 c5 16. Rb1 e5 17. Qd5 cxd4 18. Qa5 Ne4 19. Bxe4 Bxe4 20. Rxe4
Qc5 21. Rb5 Qc6 22. Nd5 a6 23. Nb6+ Nxb6 1-0

[Event "13. Hogeschool Zeeland Tournament"]
[Site "Vlissingen NED"]
[Date "2009.08.07"]
[Round "8.46"]
[White "Kuijpers, Jos"]
[Black "Bodicker, Rob"]
[Result "0-1"]
[WhiteElo "1943"]
[BlackElo "2080"]
[PlyCount "102"]
[EventDate "2009.08.01"]
[EventType "swiss"]
[EventRounds "9"]
[EventCountry "NED"]
[Source "lmi"]
[SourceDate "2009.08.01"]

1. d4 Nf6 2. Nf3 d6 3. e3 Nbd7 4. Bb5 c6 5. Bc4 b5 6. Bb3 Bb7 7. O-O c5 8. c3
e5 9. dxc5 dxc5 10. c4 b4 11. Ba4 Qc7 12. a3 e4 13. Ne1 Bd6 14. f4 exf3 15.
Nxf3 O-O 16. h3 Nb6 17. axb4 cxb4 18. b3 Nxa4 19. Rxa4 Bc5 20. Nd4 Qg3 21. Ra2
Bd6 22. Nf3 Ne4 23. Qe1 Qg6 24. Nh4 Qg3 25. Qxg3 Nxg3 26. Re1 Rfe8 27. Nf3 Bc5
28. Ra5 Bb6 29. Re5 f6 30. Rxe8+ Rxe8 31. Kf2 Ne4+ 32. Kf1 Nc5 33. Bd2 Be4 34.
Nd4 a5 35. g4 h5 36. Rd1 hxg4 37. hxg4 Bc7 38. Ke2 Kf7 39. Nb5 Be5 40. Be1 Rh8
41. Nd4 Rh2+ 42. Kf1 Rh1+ 43. Ke2 Bxd4 44. exd4 Nxb3 45. Nd2 Nxd4+ 46. Ke3 Bc2
47. Rc1 Nc6 48. Rxc2 Rxe1+ 49. Kf2 Ra1 50. Nb3 Ra3 51. Rb2 a4 0-1

[Event "13. Hogeschool Zeeland Tournament"]
[Site "Vlissingen NED"]
[Date "2009.08.07"]
[Round "8.47"]
[White "Schaeken, Yordi"]
[Black "Van de Groep, Sjaak"]
[Result "1-0"]
[WhiteElo "2078"]
[BlackElo "1834"]
[PlyCount "91"]
[EventDate "2009.08.01"]
[EventType "swiss"]
[EventRounds "9"]
[EventCountry "NED"]
[Source "lmi"]
[SourceDate "2009.08.01"]

1. d4 f5 2. Nf3 g6 3. g3 Nf6 4. Bg2 Bg7 5. O-O O-O 6. c4 d6 7. Nc3 c6 8. Re1
Qc7 9. e4 fxe4 10. Nxe4 Nxe4 11. Rxe4 Bf5 12. Rh4 Nd7 13. g4 Be6 14. Ng5 Bxc4
15. Nxh7 Rfe8 16. Qc2 Bf7 17. Be4 e5 18. Bxg6 exd4 19. Bxf7+ Kxf7 20. Qf5+ Kg8
21. Bh6 Re5 22. Qg6 Re7 23. Bxg7 Rxg7 24. Qe6+ Rf7 25. Ng5 Ne5 26. Nxf7 Qxf7
27. Rh6 Nf3+ 28. Kg2 Rf8 29. Qxf7+ Rxf7 30. Rxd6 c5 31. b3 b6 32. Rd1 Kg7 33.
Rd5 Nh4+ 34. Kg3 Ng6 35. Rg5 Kh6 36. Rf5 Re7 37. h4 Kg7 38. h5 Nf8 39. g5 Re2
40. a4 Nd7 41. Kf3 Rb2 42. Rd3 Rb1 43. Rd5 Nf8 44. Rd6 Rh1 45. h6+ Kh7 46. Kg4
1-0

[Event "13. Hogeschool Zeeland Tournament"]
[Site "Vlissingen NED"]
[Date "2009.08.07"]
[Round "8.48"]
[White "Nieuwenhuijse, Louis"]
[Black "Van der Borgt, Peter"]
[Result "1-0"]
[WhiteElo "1838"]
[BlackElo "2067"]
[PlyCount "110"]
[EventDate "2009.08.01"]
[EventType "swiss"]
[EventRounds "9"]
[EventCountry "NED"]
[Source "lmi"]
[SourceDate "2009.08.01"]

1. g4 e5 2. Bg2 Bc5 3. e3 Nc6 4. Ne2 Qf6 5. c3 d5 6. d4 exd4 7. exd4 Bd6 8. g5
Qf5 9. O-O Nge7 10. Ng3 Qg6 11. Qb3 Be6 12. Qxb7 O-O 13. Qb3 f5 14. f4 h6 15.
h4 hxg5 16. hxg5 Kf7 17. Nd2 Rh8 18. Nf3 Rab8 19. Qc2 Qh7 20. Be3 g6 21. Kf2
Qg8 22. Rh1 Rxh1 23. Rxh1 Nc8 24. b3 Bf8 25. Ne5+ Nxe5 26. dxe5 Nb6 27. Rd1 c5
28. a4 a5 29. Rb1 Be7 30. Qd3 Qe8 31. Rh1 c4 32. bxc4 Nxc4 33. Bxd5 Nxe3 34.
Kxe3 Bc5+ 35. Kf3 Rb2 36. Nxf5 Kg8 37. Nd6 Bxd6 38. exd6 Qf7 39. c4 Rb6 40.
Bxe6 Qxe6 41. Qd5 Rb3+ 42. Kf2 Rb2+ 43. Kg3 Rb3+ 44. Kh4 Qxd5 45. cxd5 Rd3 46.
Rb1 Rxd5 47. Rb5 Rd4 48. Kg4 Kf7 49. Rxa5 Rxd6 50. Ra7+ Kg8 51. a5 Rd4 52. Ra6
Kg7 53. Rb6 Ra4 54. a6 Kf7 55. Rb7+ Ke6 1-0

[Event "13. Hogeschool Zeeland Tournament"]
[Site "Vlissingen NED"]
[Date "2009.08.07"]
[Round "8.49"]
[White "Rademakers, Maarten"]
[Black "Roos, David"]
[Result "1-0"]
[WhiteElo "2066"]
[BlackElo "1789"]
[PlyCount "61"]
[EventDate "2009.08.01"]
[EventType "swiss"]
[EventRounds "9"]
[EventCountry "NED"]
[Source "lmi"]
[SourceDate "2009.08.01"]

1. c4 e5 2. g3 Nf6 3. Bg2 d5 4. cxd5 Nxd5 5. Nc3 Nb6 6. Nf3 Nc6 7. O-O Be7 8.
a3 O-O 9. b4 Re8 10. d3 Bf8 11. Be3 Bg4 12. h3 Bh5 13. Nd2 Qd7 14. b5 Na5 15.
Nb3 Nxb3 16. Qxb3 Rab8 17. a4 c6 18. a5 Nd5 19. Nxd5 cxd5 20. Bxa7 Ra8 21. Bb6
e4 22. Ra2 Kh8 23. Rd1 Qe6 24. dxe4 dxe4 25. Qxe6 Rxe6 26. Rad2 Be7 27. g4 Bg6
28. Rd7 h5 29. Rxb7 hxg4 30. hxg4 Bb4 31. a6 1-0

[Event "13. Hogeschool Zeeland Tournament"]
[Site "Vlissingen NED"]
[Date "2009.08.07"]
[Round "8.50"]
[White "Oude Brunink, Elias"]
[Black "Ten Hagen, Yorick"]
[Result "0-1"]
[WhiteElo "1602"]
[BlackElo "2150"]
[PlyCount "46"]
[EventDate "2009.08.01"]
[EventType "swiss"]
[EventRounds "9"]
[EventCountry "NED"]
[Source "lmi"]
[SourceDate "2009.08.01"]

1. e4 c5 2. Nf3 d6 3. d4 cxd4 4. Nxd4 Nf6 5. Nc3 a6 6. Bg5 e6 7. Qd2 h6 8. Bh4
Nxe4 9. Bxd8 Nxd2 10. Kxd2 Kxd8 11. Bc4 d5 12. Bb3 Bc5 13. Nf3 Nc6 14. Rhf1 Kc7
15. Rae1 Bb4 16. Kd3 d4 17. Nxd4 Rd8 18. Re4 Bc5 19. Nce2 e5 20. f4 Bf5 21.
fxe5 Bxe4+ 22. Kxe4 Bxd4 23. Rxf7+ Kb6 0-1

[Event "13. Hogeschool Zeeland Tournament"]
[Site "Vlissingen NED"]
[Date "2009.08.08"]
[Round "9.2"]
[White "Vovk, Andrey"]
[Black "Ikonnikov, Vyacheslav"]
[Result "1-0"]
[WhiteElo "2506"]
[BlackElo "2556"]
[PlyCount "137"]
[EventDate "2009.08.01"]
[EventType "swiss"]
[EventRounds "9"]
[EventCountry "NED"]
[Source "lmi"]
[SourceDate "2009.08.01"]

1. e4 c5 2. Nf3 Nc6 3. d4 cxd4 4. Nxd4 e5 5. Nb5 d6 6. N1c3 a6 7. Na3 Be7 8.
Nc4 Be6 9. Be3 Nf6 10. Nd5 b5 11. Nxf6+ gxf6 12. Nb6 Rb8 13. Nd5 f5 14. exf5
Bxf5 15. Bd3 e4 16. Be2 Rg8 17. O-O Qd7 18. Bf4 Be6 19. f3 Bh3 20. Rf2 exf3 21.
Bxf3 Ne5 22. Kh1 Be6 23. Bxe5 dxe5 24. Rd2 Qc8 25. Qe2 Bxd5 26. Rxd5 f6 27. Rf1
Qc4 28. Rd3 Rg5 29. b3 Qc7 30. Be4 Rd8 31. Bxh7 Rxd3 32. Bxd3 Qc6 33. a4 bxa4
34. Bxa6 e4 35. bxa4 Kf8 36. Bb5 Qd5 37. h4 Rh5 38. Rf4 Re5 39. Bc4 Qd4 40. Bb3
Bc5 41. Rxf6+ Ke7 42. Rf7+ Kd8 43. Rf1 Kc7 44. Rf7+ Kd8 45. Qe1 Bb6 46. Qf1 Bc5
47. Qe1 Ke8 48. c3 Qd3 49. Rf4 e3 50. Bc4 Qd2 51. Qb1 Qd6 52. Be2 Kd8 53. Rf1
Kc7 54. Rf7+ Re7 55. Qh7 Qe5 56. Rxe7+ Bxe7 57. g3 Kb6 58. Qg6+ Bd6 59. Kh2 Ka5
60. Qg5 Qxg5 61. hxg5 Kxa4 62. Kg2 Kb3 63. c4 Kb4 64. Kf3 Kc5 65. Ke4 Bf8 66.
Ke5 Bg7+ 67. Ke6 Kd4 68. Kf7 Be5 69. g6 1-0

[Event "13. Hogeschool Zeeland Tournament"]
[Site "Vlissingen NED"]
[Date "2009.08.08"]
[Round "9.5"]
[White "Ernst, Sipke"]
[Black "Henrichs, Thomas"]
[Result "1-0"]
[WhiteElo "2598"]
[BlackElo "2463"]
[PlyCount "101"]
[EventDate "2009.08.01"]
[EventType "swiss"]
[EventRounds "9"]
[EventCountry "NED"]
[Source "lmi"]
[SourceDate "2009.08.01"]

1. d4 e6 2. Nf3 f5 3. g3 Nf6 4. Bg2 d5 5. O-O Bd6 6. c4 c6 7. b3 Qe7 8. Qc2 O-O
9. Ne5 Nbd7 10. Bf4 Ne4 11. Nd3 Bxf4 12. Nxf4 Ndf6 13. Nd2 b6 14. Nf3 Bb7 15.
Rac1 Rac8 16. Qb2 Rfd8 17. Rfd1 dxc4 18. Rxc4 c5 19. Rcc1 g5 20. Nd3 g4 21.
Nfe5 Rxd4 22. b4 Rdd8 23. bxc5 bxc5 24. Qa3 Ba8 25. Rc4 Bd5 26. Rc2 Ng5 27. Qc1
h6 28. f3 Ba8 29. Qa3 gxf3 30. exf3 Rc7 31. Qc1 Kg7 32. Re1 c4 33. Rxc4 Rxc4
34. Qxc4 Qd6 35. Nf4 Nd5 36. Nh5+ Kg8 37. h4 Nf7 38. Ng6 Qb6+ 39. Kh2 Qf2 40.
Re2 Qb6 41. Ngf4 e5 42. Nxd5 Bxd5 43. Qc2 Qg6 44. g4 e4 45. fxe4 Ne5 46. Qc7
Nxg4+ 47. Kg1 Re8 48. exf5 Qxh5 49. Bxd5+ Kf8 50. Qc5+ Kg7 51. Qd4+ 1-0

[Event "13. Hogeschool Zeeland Tournament"]
[Site "Vlissingen NED"]
[Date "2009.08.08"]
[Round "9.6"]
[White "Vovk, Yuri"]
[Black "Van den Doel, Erik"]
[Result "1/2-1/2"]
[WhiteElo "2567"]
[BlackElo "2590"]
[PlyCount "128"]
[EventDate "2009.08.01"]
[EventType "swiss"]
[EventRounds "9"]
[EventCountry "NED"]
[Source "lmi"]
[SourceDate "2009.08.01"]

1. d4 Nf6 2. c4 e6 3. Nf3 Bb4+ 4. Nbd2 O-O 5. a3 Be7 6. e4 d5 7. e5 Nfd7 8. b4
a5 9. b5 c5 10. cxd5 exd5 11. Bd3 cxd4 12. Nb3 a4 13. Nbxd4 Nc5 14. Bc2 g6 15.
O-O Nbd7 16. Bh6 Re8 17. Qd2 Nf8 18. Rad1 Bd7 19. h4 Bg4 20. Qf4 Bxf3 21. Nxf3
Nce6 22. Qg4 Qc8 23. Bf5 Qc4 24. Qxc4 dxc4 25. Be4 Reb8 26. Nd2 Bxa3 27. Nxc4
Bc5 28. Bd5 Nc7 29. Bf3 a3 30. Nd6 Bxd6 31. exd6 Nxb5 32. Rd5 Na7 33. Ra1 Nc6
34. Bc1 a2 35. Rd2 Rd8 36. Bb2 Nd7 37. Bd5 Ra4 38. Rxa2 Rxa2 39. Bxa2 Nc5 40.
Bf6 Ra8 41. Bd5 Nd7 42. Bb2 Kf8 43. Kh2 Nb6 44. Bf6 Ke8 45. Bf3 Nd7 46. Bb2 Nf8
47. g4 Kd7 48. g5 Ne6 49. Bg4 Na5 50. Be2 Nc6 51. Kg3 Ra4 52. Bg4 Na5 53. Bd1
Ra2 54. Be2 Nc6 55. f4 Ncd4 56. Bg4 Nf5+ 57. Bxf5 gxf5 58. Kf3 b6 59. Ke3 Nc5
60. Rc2 Ke6 61. Rd2 Kd7 62. Rc2 Ke6 63. Rd2 Kd7 64. Rc2 Ke6 1/2-1/2

[Event "13. Hogeschool Zeeland Tournament"]
[Site "Vlissingen NED"]
[Date "2009.08.08"]
[Round "9.7"]
[White "De Jong, Migchiel"]
[Black "Adhiban, Baskaran"]
[Result "1/2-1/2"]
[WhiteElo "2319"]
[BlackElo "2481"]
[PlyCount "64"]
[EventDate "2009.08.01"]
[EventType "swiss"]
[EventRounds "9"]
[EventCountry "NED"]
[Source "lmi"]
[SourceDate "2009.08.01"]

1. e4 e5 2. Nf3 Nc6 3. Bb5 a6 4. Ba4 Nf6 5. O-O Be7 6. Re1 b5 7. Bb3 d6 8. c3
O-O 9. a4 Bg4 10. h3 Bxf3 11. Qxf3 Na5 12. Bc2 b4 13. d3 c5 14. Nd2 Rb8 15. Nf1
Nd7 16. Ne3 Bg5 17. Nd5 Bxc1 18. Rexc1 Nb6 19. Nxb6 Rxb6 20. d4 cxd4 21. cxd4
Nc6 22. dxe5 Nd4 23. Qe3 dxe5 24. Bb3 Qh4 25. Bd5 Rf6 26. Rc4 h6 27. Rac1 a5
28. Kf1 Kh7 29. Ke1 Rg6 30. Kf1 Rf6 31. Ke1 Rg6 32. Kf1 Rf6 1/2-1/2

[Event "13. Hogeschool Zeeland Tournament"]
[Site "Vlissingen NED"]
[Date "2009.08.08"]
[Round "9.8"]
[White "Nijboer, Friso"]
[Black "Soumya, Swaminathan"]
[Result "1-0"]
[WhiteElo "2552"]
[BlackElo "2309"]
[PlyCount "75"]
[EventDate "2009.08.01"]
[EventType "swiss"]
[EventRounds "9"]
[EventCountry "NED"]
[Source "lmi"]
[SourceDate "2009.08.01"]

1. e4 c5 2. Nf3 d6 3. c3 Nf6 4. h3 Nc6 5. Bd3 g6 6. Bc2 Bg7 7. O-O O-O 8. d4
cxd4 9. cxd4 d5 10. e5 Ne4 11. Re1 Bf5 12. Be3 f6 13. exf6 exf6 14. Na3 Qb6 15.
Qe2 Nb4 16. Bb3 a5 17. Nc2 Nxc2 18. Bxc2 Rfe8 19. Ba4 Re7 20. Rac1 Bd7 21. Bxd7
Rxd7 22. Rc2 Re8 23. Qd3 Nd6 24. Bf4 Re4 25. Bxd6 Rxe1+ 26. Nxe1 Qxd6 27. Qb5
f5 28. Nf3 Bf6 29. Qxa5 g5 30. Qd2 h6 31. Qd3 Re7 32. Qxf5 Bxd4 33. Rd2 Be5 34.
Qd3 d4 35. Kf1 Bf6 36. Nxd4 Qh2 37. Nf3 Qh1+ 38. Ng1 1-0

[Event "13. Hogeschool Zeeland Tournament"]
[Site "Vlissingen NED"]
[Date "2009.08.08"]
[Round "9.10"]
[White "Zaragatski, Ilja"]
[Black "Piasetski, Leon"]
[Result "1-0"]
[WhiteElo "2472"]
[BlackElo "2288"]
[PlyCount "149"]
[EventDate "2009.08.01"]
[EventType "swiss"]
[EventRounds "9"]
[EventCountry "NED"]
[Source "lmi"]
[SourceDate "2009.08.01"]

1. Nf3 f5 2. d3 d5 3. c4 c6 4. cxd5 cxd5 5. d4 Nc6 6. Nc3 e6 7. Bf4 Nge7 8. h4
Ng6 9. Bg5 Be7 10. Bxe7 Ngxe7 11. e3 O-O 12. g3 Bd7 13. Bb5 Be8 14. Bxc6 Nxc6
15. Ng5 Qd6 16. O-O Rd8 17. a3 h6 18. Nh3 e5 19. Nb5 Qf6 20. dxe5 Nxe5 21. Nd4
g5 22. f4 gxf4 23. Nxf4 Bd7 24. Rc1 Qg7 25. Kg2 Ng4 26. Re1 Rfe8 27. Qd3 Qe5
28. Rc3 Rc8 29. Rxc8 Bxc8 30. Nf3 Qxb2+ 31. Re2 Qg7 32. Qxd5+ Qf7 33. Qd4 b6
34. e4 Ba6 35. Rd2 fxe4 36. Nh2 Nxh2 37. Kxh2 e3 38. Rd1 Qa2+ 39. Kh3 Bc8+ 40.
g4 Bb7 41. Re1 Qf2 42. Qc4+ Kh8 43. Rf1 Re4 44. Qc3+ Kg8 45. Rxf2 exf2 46. Qb3+
Kf8 47. Ng6+ Kg7 48. Qb2+ Kxg6 49. h5+ Kh7 50. Qxf2 Re7 51. Qf5+ Kg8 52. Kh4
Rg7 53. Qe6+ Kh7 54. Qf5+ Kg8 55. a4 Kh8 56. Qf6 Kh7 57. Qe6 Rg8 58. Qf7+ Rg7
59. Qf5+ Kh8 60. Qf8+ Kh7 61. Kg3 Rg8 62. Qf5+ Kh8 63. Kf4 Bc8 64. Qf6+ Kh7 65.
Qe7+ Kh8 66. Qe5+ Kh7 67. Qc7+ Kh8 68. Qe5+ Kh7 69. Qc7+ Kh8 70. g5 hxg5+ 71.
Kg3 Re8 72. Qxa7 Re6 73. Qb8 Rc6 74. Qe5+ Kh7 75. Qe4+ 1-0

[Event "13. Hogeschool Zeeland Tournament"]
[Site "Vlissingen NED"]
[Date "2009.08.08"]
[Round "9.11"]
[White "Rajesh, V A V."]
[Black "Lalith, Babu M.R"]
[Result "1-0"]
[WhiteElo "2249"]
[BlackElo "2472"]
[PlyCount "102"]
[EventDate "2009.08.01"]
[EventType "swiss"]
[EventRounds "9"]
[EventCountry "NED"]
[Source "lmi"]
[SourceDate "2009.08.01"]

1. d4 Nf6 2. c4 e6 3. Nc3 Bb4 4. e3 d5 5. Bd3 O-O 6. Nf3 c5 7. O-O cxd4 8. exd4
dxc4 9. Bxc4 b6 10. a3 Bxc3 11. bxc3 Qc7 12. Qd3 Bb7 13. Ba2 Nbd7 14. Re1 Rac8
15. c4 Ba6 16. Nd2 e5 17. Bb2 exd4 18. Qxd4 Nc5 19. Qh4 Ne8 20. Bb1 f5 21. Nf3
Qd8 22. Qg3 Qc7 23. Qh4 Rd8 24. Be5 Qc8 25. Nd4 Nf6 26. Bxf6 Rxf6 27. Bxf5 Qc7
28. Qxh7+ Kf7 29. Qh5+ Kf8 30. Bg6 Bxc4 31. Nf5 Bg8 32. Ne7 Ne6 33. Nxg8 Nf4
34. Nxf6 Nxh5 35. Nxh5 Qd6 36. Be4 Kg8 37. Ng3 Qc5 38. Bf3 b5 39. h4 a5 40. Ne4
Qf5 41. Rac1 Rb8 42. Rc5 Qf4 43. Ng5 b4 44. axb4 axb4 45. Bd5+ Kh8 46. Re4 Qf8
47. Rc7 b3 48. Nf7+ Kg8 49. Ng5+ Kh8 50. Re6 Qf5 51. Nf7+ Kg8 1-0

[Event "13. Hogeschool Zeeland Tournament"]
[Site "Vlissingen NED"]
[Date "2009.08.08"]
[Round "9.12"]
[White "Bosch, Jeroen"]
[Black "Freeke, Matthieu"]
[Result "0-1"]
[WhiteElo "2456"]
[BlackElo "2264"]
[PlyCount "78"]
[EventDate "2009.08.01"]
[EventType "swiss"]
[EventRounds "9"]
[EventCountry "NED"]
[Source "lmi"]
[SourceDate "2009.08.01"]

1. d4 Nf6 2. Nc3 d5 3. Bg5 c6 4. e3 Qb6 5. Rb1 g6 6. Bd3 Bg7 7. f4 O-O 8. Nf3
Bg4 9. O-O Nbd7 10. h3 Bxf3 11. Qxf3 e6 12. Ne2 c5 13. c3 Qc6 14. b4 cxb4 15.
cxb4 Rac8 16. Rb3 Nb6 17. Rc1 Qd7 18. Qf1 Ne4 19. Bxe4 dxe4 20. b5 Nd5 21. Bh4
Rxc1 22. Qxc1 Rc8 23. Qb2 Rc4 24. Bf2 Qc7 25. Qb1 f5 26. Kh2 b6 27. Kg1 Bf8 28.
a3 Rc2 29. Rb2 Rxb2 30. Qxb2 Qc4 31. g4 Qd3 32. gxf5 gxf5 33. Qa2 Qxa3 34. Qc4
Qd3 35. Qc8 Kf7 36. Qd7+ Be7 37. Kf1 Qd1+ 38. Be1 Nxe3+ 39. Kf2 Nd5 0-1

[Event "13. Hogeschool Zeeland Tournament"]
[Site "Vlissingen NED"]
[Date "2009.08.08"]
[Round "9.13"]
[White "Roeder, Matthias"]
[Black "Padmini, Rout"]
[Result "1/2-1/2"]
[WhiteElo "2438"]
[BlackElo "2243"]
[PlyCount "125"]
[EventDate "2009.08.01"]
[EventType "swiss"]
[EventRounds "9"]
[EventCountry "NED"]
[Source "lmi"]
[SourceDate "2009.08.01"]

1. Nf3 Nf6 2. c4 g6 3. b3 Bg7 4. Bb2 O-O 5. g3 d6 6. d4 c5 7. Bg2 Nbd7 8. O-O
a6 9. Nc3 Rb8 10. a4 cxd4 11. Nxd4 Nc5 12. Ra3 Bd7 13. Qd2 Qa5 14. Rb1 Rfc8 15.
Ba1 Qd8 16. a5 b6 17. axb6 Rxb6 18. b4 Ne6 19. Nd5 Nxd5 20. Nxe6 Bxe6 21. cxd5
Bd7 22. Bxg7 Kxg7 23. Be4 Bb5 24. h4 h5 25. Rc1 Rxc1+ 26. Qxc1 Rb8 27. Rc3 Bd7
28. Rc7 Rc8 29. Qc3+ f6 30. Rxc8 Qxc8 31. Qxc8 Bxc8 32. Bd3 Bb7 33. f4 f5 34.
Bc4 Kf6 35. Kf2 e6 36. dxe6 d5 37. Bd3 Kxe6 38. Ke3 Kd6 39. Kd4 Bc8 40. Bc2 Bd7
41. Bb3 Bc6 42. Ba2 Bb7 43. Bb1 Bc6 44. Bd3 Bb7 45. Kc3 Kc7 46. Bc2 Bc6 47. Bd3
Bb7 48. Kd4 Kd6 49. e3 Bc8 50. Bb1 Bb7 51. Bc2 Bc8 52. Bd3 Bb7 53. Bc2 Bc6 54.
Bb3 Bb7 55. Bd1 Bc6 56. e4 dxe4 57. Bb3 Ke7 58. Bc4 Bb5 59. Bd5 Bf1 60. Bb3 Bb5
61. Bd5 Bf1 62. Bb3 Bb5 63. Bd5 1/2-1/2

[Event "13. Hogeschool Zeeland Tournament"]
[Site "Vlissingen NED"]
[Date "2009.08.08"]
[Round "9.14"]
[White "Kiran, Manisha Mohanty"]
[Black "Shyam, Sundar M"]
[Result "0-1"]
[WhiteElo "2203"]
[BlackElo "2415"]
[PlyCount "110"]
[EventDate "2009.08.01"]
[EventType "swiss"]
[EventRounds "9"]
[EventCountry "NED"]
[Source "lmi"]
[SourceDate "2009.08.01"]

1. e4 e5 2. Nf3 Nc6 3. Bb5 a6 4. Ba4 Nf6 5. O-O Be7 6. Re1 b5 7. Bb3 d6 8. c3
O-O 9. h3 Nb8 10. d4 Nbd7 11. Nbd2 Bb7 12. Bc2 Re8 13. Nf1 Bf8 14. Ng3 g6 15.
b3 c5 16. d5 Bg7 17. Bd3 Nb6 18. Bf1 Bc8 19. a4 Bd7 20. a5 Nc8 21. b4 c4 22.
Be3 h6 23. Nh2 Kh7 24. Qd2 Ng8 25. f4 Qh4 26. Ne2 exf4 27. Bf2 Qe7 28. Nxf4 Nf6
29. g4 Nxe4 30. Rxe4 Qxe4 31. Ne2 Rb8 32. Re1 Qd3 33. Qf4 Qxd5 34. Bg2 Qe6 35.
Nf3 Ne7 36. g5 Nd5 37. Qg3 Qf5 38. Nfd4 Qe5 39. Qf3 Nc7 40. gxh6 Bxh6 41. Qxf7+
Qg7 42. Qf3 Ne6 43. Nxe6 Rxe6 44. Nd4 Rxe1+ 45. Bxe1 Rf8 46. Qe2 Qe5 47. Qxe5
dxe5 48. Nc6 Be3+ 49. Kh2 Bxc6 50. Bxc6 Bd2 51. Bxd2 Rf2+ 52. Kg1 Rxd2 53. Bb7
Rd6 54. Kf2 Kg7 55. Ke2 Kf6 0-1

[Event "13. Hogeschool Zeeland Tournament"]
[Site "Vlissingen NED"]
[Date "2009.08.08"]
[Round "9.15"]
[White "Leenhouts, Koen"]
[Black "Heltzel, Joost"]
[Result "1/2-1/2"]
[WhiteElo "2413"]
[BlackElo "2262"]
[PlyCount "109"]
[EventDate "2009.08.01"]
[EventType "swiss"]
[EventRounds "9"]
[EventCountry "NED"]
[Source "lmi"]
[SourceDate "2009.08.01"]

1. d4 Nf6 2. Nf3 g6 3. c4 Bg7 4. Nc3 O-O 5. e4 d6 6. Be2 Nbd7 7. O-O e5 8. d5
Nc5 9. Qc2 a5 10. Bg5 h6 11. Bh4 Qe8 12. Nb5 Qd7 13. Nd2 Ne8 14. f3 f5 15. Bf2
f4 16. a3 a4 17. b4 axb3 18. Nxb3 b6 19. a4 g5 20. a5 Nxb3 21. Qxb3 bxa5 22. c5
h5 23. Rfc1 g4 24. Be1 gxf3 25. Qxf3 dxc5 26. Rxc5 Qe7 27. Qf2 Bg4 28. Bc4 Kh8
29. h3 Bc8 30. Rxa5 Rxa5 31. Bxa5 Qg5 32. Qf3 Bxh3 33. Qxh3 f3 34. Be1 Nf6 35.
Qxf3 Nd7 36. Qa3 Nxc5 37. Qxc5 Qc1 38. Qb4 Qe3+ 39. Kh2 Qxe4 40. d6 cxd6 41.
Nxd6 Qf4+ 42. Bg3 Qd4 43. Nb5 Qe4 44. Nd6 Qd4 45. Qa3 h4 46. Be1 Qf4+ 47. Kh1
e4 48. Bc3 h3 49. Bxg7+ Kxg7 50. gxh3 Qf3+ 51. Qxf3 exf3 52. Bf1 Kf6 53. Nc4
Kf5 54. Kh2 Kf4 55. Nb2 1/2-1/2

[Event "13. Hogeschool Zeeland Tournament"]
[Site "Vlissingen NED"]
[Date "2009.08.08"]
[Round "9.17"]
[White "Rubio Mejia, Luis Ignacio"]
[Black "De Vos, Nils"]
[Result "1-0"]
[WhiteElo "2371"]
[BlackElo "2205"]
[PlyCount "71"]
[EventDate "2009.08.01"]
[EventType "swiss"]
[EventRounds "9"]
[EventCountry "NED"]
[Source "lmi"]
[SourceDate "2009.08.01"]

1. d4 Nf6 2. c4 g6 3. Nc3 Bg7 4. e4 d6 5. Nf3 O-O 6. Be2 e5 7. O-O Nc6 8. d5
Ne7 9. Nd2 Nd7 10. b4 f5 11. c5 Nf6 12. f3 f4 13. Nc4 Ne8 14. a4 g5 15. Ba3 Rf7
16. b5 dxc5 17. Bxc5 Nd6 18. b6 axb6 19. Bxd6 cxd6 20. Qb3 Ng6 21. Qxb6 Rd7 22.
Qxd8+ Rxd8 23. Nb6 Rb8 24. Rfc1 Bf6 25. a5 Nf8 26. Bb5 Bd7 27. Bxd7 Nxd7 28.
Nca4 Nf8 29. Rc4 Re8 30. Rac1 Bd8 31. Kf1 Bxb6 32. Nxb6 Re7 33. Rc7 Ng6 34.
Rxe7 Nxe7 35. Rc7 Kf8 36. Nd7+ 1-0